Statystyki dla 15 najbardziej dotkniętych krajów Covid-19 - 31 stycznia

Kliknij tutaj aby rozwiązać quiz!

Ogólne statystyki

  • Ten quiz został rozwiązany 26 razy
  • Średni wynik to 14 z 28

Statystyki odpowiedzi

kraj% Poprawnych
Polska
100%
Rosja
91%
Stany Zjednoczone
91%
Niemcy
87%
Francja
83%
Hiszpania
83%
Włochy
83%
Brazylia
78%
Indie
74%
Wielka Brytania
70%
Meksyk
65%
Argentyna
57%
Czechy
52%
Portugalia
48%
Turcja
48%
Holandia
39%
Litwa
35%
Belgia
30%
Republika
Południowej Afryki
30%
Szwajcaria
30%
Chorwacja
22%
Słowenia
22%
Izrael
17%
Kolumbia
17%
Gruzja
13%
Armenia
9%
Bahrajn
9%
Panama
9%

Rozkład punktacji

Percentyl według liczby udzielonych odpowiedzi

Procent ludzi z każdym wynikiem

Twoja historia wyników

Nie rozwiązałeś tego quizu